The Kingfisher young discoverers encyclopedia of facts and experiments (Запис № 515933)
[ простий вигляд ]
| 000 -LEADER | |
|---|---|
| fixed length control field | 01778cam a2200361Ia 4500 |
| 001 - CONTROL NUMBER | |
| control field | kingfisheryoungd00newy |
| 003 - CONTROL NUMBER IDENTIFIER | |
| control field | CaSfIA |
| 005 - DATE AND TIME OF LATEST TRANSACTION | |
| control field | 20210118162324.0 |
| 007 - PHYSICAL DESCRIPTION FIXED FIELD--GENERAL INFORMATION | |
| fixed length control field | cr|||| |
| 008 - FIXED-LENGTH DATA ELEMENTS--GENERAL INFORMATION | |
| fixed length control field | 980225s1997 nyua j 001 0 eng d |
| 040 ## - CATALOGING SOURCE | |
| Original cataloging agency | WDG |
| Transcribing agency | WDG |
| Modifying agency | IUI |
| -- | CaSfIA |
| 020 ## - INTERNATIONAL STANDARD BOOK NUMBER | |
| International Standard Book Number | 0753451379 |
| 020 ## - INTERNATIONAL STANDARD BOOK NUMBER | |
| International Standard Book Number | 9780753451373 |
| 035 ## - SYSTEM CONTROL NUMBER | |
| System control number | (OCoLC)38503883 |
| 050 #4 - LIBRARY OF CONGRESS CALL NUMBER | |
| Classification number | Q173 |
| Item number | .K54 1997 |
| 092 ## - LOCALLY ASSIGNED DEWEY CALL NUMBER (OCLC) | |
| Classification number | 507.8 |
| 245 04 - TITLE STATEMENT | |
| Title | The Kingfisher young discoverers encyclopedia of facts and experiments |
| Medium | [electronic resource] |
| 246 30 - VARYING FORM OF TITLE | |
| Title proper/short title | Young discoverers encyclopedia of facts and experiments |
| 246 18 - VARYING FORM OF TITLE | |
| Title proper/short title | Young discoverers encyclopedia |
| 250 ## - EDITION STATEMENT | |
| Edition statement | 1st ed. |
| 260 ## - PUBLICATION, DISTRIBUTION, ETC. (IMPRINT) | |
| Place of publication, distribution, etc | New York : |
| Name of publisher, distributor, etc | Kingfisher, |
| Date of publication, distribution, etc | 1997. |
| 300 ## - PHYSICAL DESCRIPTION | |
| Extent | 320 p. : |
| Other physical details | col. ill. ; |
| Dimensions | 25 cm. |
| 500 ## - GENERAL NOTE | |
| General note | Includes index. |
| 520 ## - SUMMARY, ETC. | |
| Summary, etc | Describes experiments to examine the world of science in everyday life. |
| 505 0# - FORMATTED CONTENTS NOTE | |
| Formatted contents note | Energy and power -- Batteries, bulbs, and wires -- Sound and light -- Solids and liquids -- Weather and climate -- Rivers and oceans -- Maps and mapping -- Animals and their world -- Butterflies, bugs, and worms -- Nature in danger -- The human body. |
| 506 ## - RESTRICTIONS ON ACCESS NOTE | |
| Standardized terminology for access restriction | Необхідна авторизація на https://archive.org/ (створення облікового запису безкоштовно) |
| 506 ## - RESTRICTIONS ON ACCESS NOTE | |
| Standardized terminology for access restriction | Необхідна авторизація на https://openlibrary.org/ (створення облікового запису безкоштовно) |
| 650 #0 - SUBJECT ADDED ENTRY--TOPICAL TERM | |
| Topical term or geographic name as entry element | Science |
| General subdivision | Experiments. |
| 650 #0 - SUBJECT ADDED ENTRY--TOPICAL TERM | |
| Topical term or geographic name as entry element | Science |
| General subdivision | Study and teaching. |
| 856 41 - ELECTRONIC LOCATION AND ACCESS | |
| Uniform Resource Identifier | <a href="http://www.archive.org/details/kingfisheryoungd00newy">http://www.archive.org/details/kingfisheryoungd00newy</a> |
| Public note | Free eBook from the Internet Archive |
| 856 42 - ELECTRONIC LOCATION AND ACCESS | |
| Uniform Resource Identifier | <a href="http://www.openlibrary.org/books/OL24211791M">http://www.openlibrary.org/books/OL24211791M</a> |
| Public note | Additional information and access via Open Library |
| 942 ## - ADDED ENTRY ELEMENTS (KOHA) | |
| Koha item type | ЕКнига |
Немає доступних примірників.